[Event "LSS RE-2009-0-00035"]
[Site "LSS email"]
[Date "2010.01.31"]
[Round "?"]
[White "Naess, Jan Olav"]
[Black "Pupkin, Panteleymon"]
[Result "1-0"]
[WhiteElo "1424"]
[BlackElo "1200"]
[PlyCount "39"]
[EventDate "2009.11.30"]
[EventType "tourn (corr)"]
[EventRounds "6"]
[EventCountry "GER"]
[SourceTitle "Corr 2013"]
[Source "ChessBase"]
[SourceDate "2012.11.12"]
[SourceVersion "1"]
[SourceVersionDate "2012.11.12"]
[SourceQuality "1"]

1. d4 Nf6 2. Bg5 Ne4 3. Bh4 g5 4. Bg3 c5 5. e3 Qb6 6. Nc3 Nxc3 7. bxc3 Nc6 8. h4 g4 9. Ne2 d6 10. Nf4 Qa5 11. Qd2 Bd7 12. Bd3 h5 13. Rd1 Bg7 14. 0-0 0-0-0 15. Bc4 e6 16. Rfe1 Ne7 17. e4 Nc6 18. Ne2 cxd4 19. cxd4 Qxd2 20. Rxd2 1-0

[Event "LSS RE-2009-0-00035"]
[Site "LSS email"]
[Date "2010.01.31"]
[Round "?"]
[White "Pupkin, Panteleymon"]
[Black "Clark, Mark J"]
[Result "0-1"]
[WhiteElo "1200"]
[BlackElo "1275"]
[PlyCount "30"]
[EventDate "2009.11.30"]
[EventType "tourn (corr)"]
[EventRounds "6"]
[EventCountry "GER"]
[SourceTitle "Corr 2013"]
[Source "ChessBase"]
[SourceDate "2012.11.12"]
[SourceVersion "1"]
[SourceVersionDate "2012.11.12"]
[SourceQuality "1"]

1. d4 Nf6 2. Nf3 c5 3. d5 d6 4. Nc3 g6 5. e4 Bg7 6. Be2 0-0 7. 0-0 Na6 8. Bf4 Nc7 9. a4 b6 10. h3 Bb7 11. Bc4 Qd7 12. Qd3 Rad8 13. Rfe1 a6 14. Rab1 Qc8 15. Bh2 Qa8 0-1